Χώρες με Πέντε Γράμματα - Statistics

General Stats
  • This quiz has been taken 25 times
  • The average score is 10 of 16
Answer Stats
Ήπειρος Χώρα % Correct
Ασία Ινδία
70%
Ευρώπη Δανία
70%
Βόρεια Αμερική Κούβα
70%
Νότια Αμερική Περού
70%
Ασία Κατάρ
65%
Ευρώπη Μάλτα
65%
Ωκεανία Φίτζι
65%
Αφρική Γκάνα
60%
Ευρώπη Ρωσία
60%
Αφρική Τσαντ
60%
Αφρική Λιβύη
55%
Ασία Νεπάλ
55%
Αφρική Κένυα
50%
Ασία Συρία
50%
Ωκεανία Σαμόα
45%
Αφρική Τόγκο
45%
No matching quizzes found
Score Distribution
Percent of People with Each Score
Percentile by Number Answered
Your Score History
You have not taken this quiz